000 00394nam a2200169Ia 4500
005 20250603145921.0
008 250603s9999 xx 000 0 und d
020 _a9780698170438
050 _aB 2430 .B253 .P64/
100 _aBachelard, Gaston
245 4 _aThe poetics of space
260 _aNew York
260 _bPenguin Books
260 _c2014
650 _aNew York
942 _cBK
999 _c43236
_d43236